Lịch sử văn học Xô Viết; T1; Q2

Gorde:
Xehetasun bibliografikoak
Egile nagusia: Nguyễn Kim Đính
Formatua: Liburua
Hizkuntza:Undetermined
Argitaratua: Hà Nội ĐH và THCN 1982
Gaiak:
Etiketak: Etiketa erantsi
Etiketarik gabe, Izan zaitez lehena erregistro honi etiketa jartzen!
Thư viện lưu trữ: Trung tâm Học liệu Trường Đại học Cần Thơ
LEADER 00547nam a2200181Ia 4500
001 CTU_15759
008 210402s9999 xx 000 0 und d
082 |a 891.7009 
082 |b Đ312/T1-Q2 
100 |a Nguyễn Kim Đính 
245 0 |a Lịch sử văn học Xô Viết; T1; Q2 
245 0 |c Nguyễn Kim Đính 
260 |a Hà Nội 
260 |b ĐH và THCN 
260 |c 1982 
650 |a russian literature - history and criticism 
904 |i Minh, 970428 
980 |a Trung tâm Học liệu Trường Đại học Cần Thơ